Artificial Intelligence A Modern Approach (Record no. 11459)
[ view plain ]
| 000 -LEADER | |
|---|---|
| fixed length control field | 00372nam a22001577a 4500 |
| 003 - CONTROL NUMBER IDENTIFIER | |
| control field | OSt |
| 008 - FIXED-LENGTH DATA ELEMENTS--GENERAL INFORMATION | |
| fixed length control field | 220823b ||||| |||| 00| 0 eng d |
| 020 ## - INTERNATIONAL STANDARD BOOK NUMBER | |
| International Standard Book Number | 9789356063570 |
| 082 ## - DEWEY DECIMAL CLASSIFICATION NUMBER | |
| Classification number | 006.33 RUA |
| 100 ## - MAIN ENTRY--PERSONAL NAME | |
| Personal name | RUSSELL,Stuart |
| 245 ## - TITLE STATEMENT | |
| Title | Artificial Intelligence A Modern Approach |
| 250 ## - EDITION STATEMENT | |
| Edition statement | 4th |
| 260 ## - PUBLICATION, DISTRIBUTION, ETC. (IMPRINT) | |
| Place of publication, distribution, etc | Noida |
| Name of publisher, distributor, etc | Pearson |
| Date of publication, distribution, etc | 2022 |
| 300 ## - PHYSICAL DESCRIPTION | |
| Extent | 1288 |
| 942 ## - ADDED ENTRY ELEMENTS (KOHA) | |
| Source of classification or shelving scheme | Dewey Decimal Classification |
| Koha item type | Text Books |
| Withdrawn status | Lost status | Source of classification or shelving scheme | Damaged status | Not for loan | Collection code | Home library | Current library | Date acquired | Source of acquisition | Currency | Cost, normal purchase price | Bill Number | Total Checkouts | Full call number | Acc. no. / Barcode | Checked out | Date last seen | Date last borrowed | Actual Cost, discounted price | Bill Date | Koha item type |
|---|---|---|---|---|---|---|---|---|---|---|---|---|---|---|---|---|---|---|---|---|---|
| Dewey Decimal Classification | B.Tech(CSE) | PIET C-LIBRARY | PIET C-LIBRARY | 22/08/2022 | Kirti Prakashan | Indian Rup | 950.00 | IN758 | 1 | 006.33 RUA | 33764 | 05/08/2024 | 05/02/2024 | 05/02/2024 | 646.00 | 20/08/2022 | Text Books | ||||
| Dewey Decimal Classification | B.Tech(CSE) | PIET C-LIBRARY | PIET C-LIBRARY | 22/08/2022 | Kirti Prakashan | Indian Rup | 950.00 | IN758 | 006.33 RUA | 33765 | 23/08/2022 | 646.00 | 20/08/2022 | Text Books | |||||||
| Dewey Decimal Classification | B.Tech(CSE) | PIET C-LIBRARY | PIET C-LIBRARY | 22/08/2022 | Kirti Prakashan | Indian Rup | 950.00 | IN758 | 2 | 006.33 RUA | 33766 | 09/01/2025 | 26/12/2024 | 646.00 | 20/08/2022 | Text Books | |||||
| Dewey Decimal Classification | B.Tech(CSE) | PIET C-LIBRARY | PIET C-LIBRARY | 22/08/2022 | Kirti Prakashan | Indian Rup | 950.00 | IN758 | 006.33 RUA | 33767 | 23/08/2022 | 646.00 | 20/08/2022 | Text Books | |||||||
| Dewey Decimal Classification | B.Tech(CSE) | PIET C-LIBRARY | PIET C-LIBRARY | 22/08/2022 | Kirti Prakashan | Indian Rup | 950.00 | IN758 | 1 | 006.33 RUA | 33768 | 12/12/2024 | 26/11/2024 | 646.00 | 20/08/2022 | Text Books | |||||
| Dewey Decimal Classification | B.Tech(CSE) | PIET C-LIBRARY | PIET C-LIBRARY | 22/08/2022 | Kirti Prakashan | Indian Rup | 950.00 | IN758 | 006.33 RUA | 33769 | 23/08/2022 | 646.00 | 20/08/2022 | Text Books | |||||||
| Dewey Decimal Classification | B.Tech(CSE) | PIET C-LIBRARY | PIET C-LIBRARY | 22/08/2022 | Kirti Prakashan | Indian Rup | 950.00 | IN758 | 1 | 006.33 RUA | 33770 | 09/01/2025 | 06/01/2025 | 646.00 | 20/08/2022 | Text Books | |||||
| Dewey Decimal Classification | B.Tech(CSE) | PIET C-LIBRARY | PIET C-LIBRARY | 22/08/2022 | Kirti Prakashan | Indian Rup | 950.00 | IN758 | 006.33 RUA | 33771 | 23/08/2022 | 646.00 | 20/08/2022 | Text Books | |||||||
| Dewey Decimal Classification | B.Tech(CSE) | PIET C-LIBRARY | PIET C-LIBRARY | 27/03/2024 | Zafaa Books and Distributors | In rupees | 1025.00 | ZBD0466 | 006.33 RUA | 36803 | 02/05/2024 | 697.00 | 27/03/2024 | Text Books | |||||||
| Dewey Decimal Classification | B.Tech(CSE) | PIET C-LIBRARY | PIET C-LIBRARY | 27/03/2024 | Zafaa Books and Distributors | In rupees | 1025.00 | ZBD0466 | 006.33 RUA | 36804 | 02/05/2024 | 697.00 | 27/03/2024 | Text Books | |||||||
| Dewey Decimal Classification | B.Tech(CSE) | PIET C-LIBRARY | PIET C-LIBRARY | 27/03/2024 | Zafaa Books and Distributors | In rupees | 1025.00 | ZBD0466 | 006.33 RUA | 36805 | 02/05/2024 | 697.00 | 27/03/2024 | Text Books | |||||||
| Dewey Decimal Classification | B.Tech(CSE) | PIET C-LIBRARY | PIET C-LIBRARY | 27/03/2024 | Zafaa Books and Distributors | In rupees | 1025.00 | ZBD0466 | 1 | 006.33 RUA | 36806 | 22/04/2025 | 09/04/2025 | 697.00 | 27/03/2024 | Text Books | |||||
| Dewey Decimal Classification | B.Tech(CSE) | PIET C-LIBRARY | PIET C-LIBRARY | 27/03/2024 | Zafaa Books and Distributors | In rupees | 1025.00 | ZBD0466 | 006.33 RUA | 36807 | 02/05/2024 | 697.00 | 27/03/2024 | Text Books | |||||||
| Dewey Decimal Classification | B.Tech(CSE) | PIET C-LIBRARY | PIET C-LIBRARY | 27/03/2024 | Zafaa Books and Distributors | In rupees | 1025.00 | ZBD0466 | 006.33 RUA | 36808 | 02/05/2024 | 697.00 | 27/03/2024 | Text Books | |||||||
| Dewey Decimal Classification | B.Tech(CSE) | PIET C-LIBRARY | PIET C-LIBRARY | 27/03/2024 | Zafaa Books and Distributors | In rupees | 1025.00 | ZBD0466 | 1 | 006.33 RUA | 36809 | 26/11/2024 | 13/11/2024 | 697.00 | 27/03/2024 | Text Books | |||||
| Dewey Decimal Classification | B.Tech(CSE) | PIET C-LIBRARY | PIET C-LIBRARY | 27/03/2024 | Zafaa Books and Distributors | In rupees | 1025.00 | ZBD0466 | 006.33 RUA | 36810 | 02/05/2024 | 697.00 | 27/03/2024 | Text Books | |||||||
| Dewey Decimal Classification | B.Tech(CSE) | PIET C-LIBRARY | PIET C-LIBRARY | 27/03/2024 | Zafaa Books and Distributors | In rupees | 1025.00 | ZBD0466 | 2 | 006.33 RUA | 36811 | 20/03/2025 | 07/02/2025 | 697.00 | 27/03/2024 | Text Books | |||||
| Dewey Decimal Classification | B.Tech(CSE) | PIET C-LIBRARY | PIET C-LIBRARY | 27/03/2024 | Zafaa Books and Distributors | In rupees | 1025.00 | ZBD0466 | 006.33 RUA | 36812 | 02/05/2024 | 697.00 | 27/03/2024 | Text Books |